000 00640nam a2200193 4500
999 _c507899
_d507899
008 190228b ||||| |||| 00| 0 eng d
100 _aThompson, Frank J.
_92728
245 _aTrump and the Affordable Care Act:
_bcongressional repeal efforts, executive federalism, and program durability
260 _c2018
300 _ap.396-424.
650 _aAffordable Care Act
_92729
700 _aGusmano, Michael K.
_92730
700 _aGusmano, Michael K.
_92730
700 _aShinohara, Shugo
_92731
773 _aPublius: The Journal of Federalism
906 _aHealth care - U.S.A.
906 _aAffordable Care Act
942 _2ddc
_cAR